Joueurs champions de LaLiga - Mort subite - Statistiques

Statistiques générales
  • Ce quiz a été pris 1 289 fois
  • Le résultat moyen est 7 sur 20
Answers on the Grid
Answers color-coded by a green-red scale on the quiz's grid according to % correct below.
Lionel Messi
Cristiano Ronaldo
Antoine Griezmann
João Félix
Jesús Navas
Mikel Oyarzabal
Guti
Dani Alves
Neymar
Álvaro Morata
Ronaldo
Kieran Trippier
David Beckham
Sergio Busquets
Ángel Di María
Lamine Yamal
Gary Lineker
Sergio Agüero
Ferenc Puskás
Iker Muniain
Martin Ødegaard
Dani Parejo
Nicolas Anelka
Saúl
Diego Forlán
Juan Mata
Kylian Mbappé
David Alaba
Raphinha
Hristo Stoitchkov
Luís Figo
Marco Asensio
 
Statistiques - réponses
Réponse % Correct
Neymar
60%
Lionel Messi
58%
Cristiano Ronaldo
55%
Sergio Busquets
50%
Dani Alves
49%
Ronaldo
46%
Lamine Yamal
45%
Marco Asensio
44%
Luís Figo
42%
Ángel Di María
41%
David Alaba
41%
Raphinha
41%
Álvaro Morata
31%
David Beckham
31%
João Félix
22%
Guti
21%
Ferenc Puskás
19%
Saúl
17%
Hristo Stoitchkov
16%
Kieran Trippier
10%
Aucun quiz correspondant
Distribution des résultats
% des personnes avec chaque résultat
Percentile par nombre de réponses
Votre historique - résultats
Vous n’avez pas pris ce quiz